000 00719nam a22001937a 4500
001 113496
003 DR-UNIBE
005 20250501145927.0
008 250428b2003 dr ||||| |||| 00| 0 spa d
040 _aBIBLIOTECA UNIBE
_bspa
_cBIBLIOTECA UNIBE
_erda
041 _aspa
082 _aF-RD 5958
100 1 _aBaigún, David
_eautor
_9194603
245 1 0 _aDictamen :
_bproyecto de Código Penal de la República Dominicana /
_cDavid Baigún
260 _aSanto Domingo :
_bInstituto de Estudios Comparados en Ciencias Penales y Sociales (INECIP) :
_bFundación Institucionalidad y Justicia (FINJUS),
_c2003
300 _a64 páginas
650 7 _2lemb
_aDerecho penal
_zRepública Dominicana
_915664
942 _2ddc
_cMX
999 _c113496
_d113496